| 000 | 00456nam a2200169Ia 4500 | ||
|---|---|---|---|
| 008 | 240729s9999 xx 000 0 und d | ||
| 022 | _a2690-5442 | ||
| 245 | 0 | _aPhytoFrontiers | |
| 260 | _aUnited States | ||
| 260 | _bThe American Phytopathological Society | ||
| 650 | _a Botany | ||
| 650 | _a Plant culture | Science | ||
| 650 | _aAgriculture | ||
| 856 | _uhttps://doaj.org/toc/5fd0653708e04a4885077c72e1c8aebc | ||
| 942 | _2ddc | ||
| 942 | _cDOAJEJ | ||
| 999 |
_c67913 _d67913 |
||
| 945 |
_a1 _bMadushi Gamage _c1 _dMadushi Gamage |
||